Geopolítica e intereses estratégicos en Centroamérica y el Caribe /

Đã lưu trong:
Chi tiết về thư mục
Tác giả chính: Insulza, José Miguel
Định dạng: Texto
Những chủ đề:
Các nhãn: Thêm thẻ
Không có thẻ, Là người đầu tiên thẻ bản ghi này!

MARC

LEADER 00000 a a2200000 04500
001 12666
003
040
100 |a Insulza, José Miguel  
245 |a Geopolítica e intereses estratégicos en Centroamérica y el Caribe /  |c José Miguel Insulza 
650 |a GEOGRAFIA POLITICA  
650 |a ESTRATEGIA MILITAR  
650 |a IMPERIALISMO  
650 |a COLONIALISMO  
650 |a POLITICA DE DEFENSA  
650 |a ANALISIS POLITICO  
650 |a MILITARISMO  
650 |a FUERZAS ARMADAS  
650 |a HIDROCARBUROS  
773 |g número 16; páginas 24-40  
999 |c 35824  |d 35824